Countries that Consume the Most Chicken (Imperial) - Statistics

General Stats
  • This quiz has been taken 10 times
  • The average score is 3 of 10
Answer Stats
# Answer Lbs % Correct
4 USA 117.48
100%
7 Argentina 104.32
78%
8 Brazil 102.69
56%
6 Australia 112.72
33%
10 Saudi Arabia 93.89
22%
3 Oman 123.35
11%
9 UAE 95.28
11%
1 Kuwait 144.25
0%
5 Malaysia 115.28
0%
2 Qatar 132.43
0%
No matching quizzes found
Score Distribution
Percent of People with Each Score
Percentile by Number Answered
Your Score History
You have not taken this quiz